AFL Player Numbers - Statistics

General Stats
  • This quiz has been taken 4,144 times
    502 since last reset
  • The average score is 11 of 18
Answer Stats
Hint Answer % Correct
Nick Daicos 35
88%
Marcus Bontempelli 4
86%
Zach Merrett 7
76%
Charlie Curnow 30
75%
Lachie Neale 9
74%
Isaac Heeney 5
71%
Max Gawn 11
69%
Connor Rozee 1
67%
Harry Sheezel 3
63%
Mark Blicavs 46
60%
Izak Rankine 23
56%
Alex Pearce 25
51%
Tom Green 12
48%
Dylan Moore 13
46%
Matt Rowell 18
46%
Callum Wilkie 44
46%
Tim Taranto 14
43%
Elliott Yeo 6
41%
No matching quizzes found
Score Distribution
Percent of People with Each Score
Percentile by Number Answered
Your Score History
You have not taken this quiz since the last reset